000 00606cam a22002171 4500
001 sa 67000804
003 DLC
005 20260227112317.0
008 890517s1960 io ak 000 0 ind
010 _asa 67000804
035 _a(OCoLC)23556835
040 _aDLC
_cMiU
_dDLC
042 _apremarc
043 _aa-io---
050 0 0 _aHD3543.A4
_bA68
100 1 _aAmin, Chodewy.
245 1 0 _aKoperasi dalam teori dan praktek.
260 _a[Djakarta]
_bBagian Hubungan Masjarakat, Departemen Transkopemada
_c[1960?]
300 _a197 p.
_billus., forms.
_c21 cm.
650 0 _aCooperation
_zIndonesia.
999 _c72220
_d72220